Towards improving global information on aquaculture / (Record no. 16045)

000 -LEADER
fixed length control field 00502nam a2200157Ia 4500
020 ## - INTERNATIONAL STANDARD BOOK NUMBER
ISBN 9251049955
040 ## - CATALOGING SOURCE
Transcribing agency OSU
082 ## - DEWEY DECIMAL CLASSIFICATION NUMBER
Classification number 639 FOO 2005 A083 Or.
245 00 - TITLE STATEMENT
Title Towards improving global information on aquaculture /
260 ## - PUBLICATION, DISTRIBUTION, ETC. (IMPRINT)
Place of publication Rome :
Name of publisher Food and Agriculture Organization of the United Nations,
Year of publication 2005
300 ## - PHYSICAL DESCRIPTION
Number of Pages v, 172 p. :
Other physical details ill. ;
Dimensions 30 cm
650 #0 - SUBJECT ADDED ENTRY--TOPICAL TERM
Topical Term Communication in fisheries
650 #0 - SUBJECT ADDED ENTRY--TOPICAL TERM
Topical Term Aquaculture
710 2# - ADDED ENTRY--CORPORATE NAME
Corporate name or jurisdiction name as entry element Food and Agriculture Organization of the United Nations
942 ## - ADDED ENTRY ELEMENTS (KOHA)
Koha item type សៀវភៅភាសាអង់គ្លេស
952 ## - LOCATION AND ITEM INFORMATION (KOHA)
Withdrawn status [LOCAL, KOHA] 0
Holdings
Permanent Location Date acquired Koha item type Lost status Shelving location Barcode Current Location Full call number
Library Block A2017-12-27សៀវភៅភាសាអង់គ្លេស A083RUA060557Library Block A639 FOO 2005 A083 Or.
មជ្ឈមណ្ឌលឯការនៃសាកលវិទ្យាល័យភូមិន្ទកសិកម្មចំការដូង

Powered by Koha